[Event "Cto Equipos Aragon 2012 Preferente A"]
[Site "Aragon"]
[Date "2012.02.25"]
[Round "4.45"]
[White "Planas Torrea Francisco Javier"]
[Black "Alonso Fdez-Revuelta Rodrigo"]
[Result "1/2-1/2"]
[WhiteElo "2007"]
[BlackElo "2021"]

1.e4 e6 2.d4 d5 3.exd5 exd5 4.Bd3 Bd6 5.Ne2 Ne7 6.Bf4 O-O 7.O-O Bf5 8.Bxf5
Nxf5 9.Qd3 Qf6 10.Bxd6 Nxd6 11.Nd2 Nc6 12.c3 Ne7 13.Rae1 Ng6 14.Nc1 Rae8 15.
Qf3 Qg5 16.Ndb3 b6 17.Nd3 a5 18.Qg3 Qxg3 19.hxg3 Nc4 20.Rxe8 Rxe8 21.Rd1 Re2
22.Kf1 Rc2 23.Re1 Kf8 24.Re2 Rxe2 25.Kxe2 Ke7 26.Nd2 Nxd2 27.Kxd2 f6 28.a3
1/2-1/2

[Event "Cto Equipos Aragon 2012 Preferente A"]
[Site "Aragon"]
[Date "2012.02.25"]
[Round "4.46"]
[White "Lucea Valero Alejandro"]
[Black "Planas Torrea Alberto"]
[Result "1-0"]
[WhiteElo "1962"]
[BlackElo "1920"]

1.e4 d5 2.exd5 Qxd5 3.Nc3 Qa5 4.d4 Nf6 5.Nf3 Ne4 6.Bd2 Nxd2 7.Qxd2 e6 8.Bc4
Bb4 9.O-O Bxc3 10.bxc3 O-O 11.Bd3 b6 12.Qf4 g6 13.Rfe1 Qxc3 14.Rab1 Nd7 15.Rb3
Qa5 16.Be4 e5 17.dxe5 Rb8 18.Rbe3 Qc5 19.Bd3 Re8 20.Ng5 Qf8 21.Bc4 Re7 22.Nxf7
Rxf7 23.Bxf7+ Qxf7 24.Qxf7+ Kxf7 25.e6+ Ke7 26.exd7+ Kxd7 27.Re7+ Kc6 28.Re8
Kb7 29.R1e7 Bf5 30.Rxb8+ Kxb8 31.c3 h5 32.Kf1 Kb7 33.Ke2 a5 34.f3 Kc6 35.h3
Kd6 36.Rg7 c6 37.g4 hxg4 38.fxg4 Bb1 39.a3 Kc5 40.Kd2 Kc4 41.Kc1 Bd3 42.Kb2 b5
43.h4 Kd5 44.Rd7+ Ke4 45.Rxd3 Kxd3 46.h5 gxh5 47.gxh5 1-0

[Event "Cto Equipos Aragon 2012 Preferente A"]
[Site "Aragon"]
[Date "2012.02.25"]
[Round "4.47"]
[White "Marcellan Peire Jesus Eduardo"]
[Black "Buil Montanes Carlos"]
[Result "0-1"]
[WhiteElo "1865"]
[BlackElo "1924"]

1.d4 d5 2.c4 dxc4 3.Nc3 Nf6 4.Nf3 a6 5.a4 Nc6 6.e3 Bg4 7.Bxc4 e6 8.O-O Bb4 9.
Be2 O-O 10.h3 Bh5 11.Bd2 Be7 12.Rc1 Nb4 13.Ne5 Bxe2 14.Qxe2 Nd7 15.f4 Nxe5 16.
fxe5 c5 17.Qg4 Nc6 18.Ne4 cxd4 19.Nf6+ Kh8 20.Nh5 Rg8 21.Rxf7 Nxe5 22.Qxe6
Nxf7 23.Qxf7 Qe8 24.Qf3 Bg5 25.Re1 Bxe3+ 26.Bxe3 dxe3 27.Rxe3 Qg6 28.Nf4 Qc6
29.Qg3 Rae8 30.Rc3 Qb6+ 31.Kh2 Rgf8 32.Nh5 Qg6 33.Qh4 Re4 34.Nf4 Qd6 35.g3
Qd2+ 0-1

[Event "Cto Equipos Aragon 2012 Preferente A"]
[Site "Aragon"]
[Date "2012.02.25"]
[Round "4.48"]
[White "Minguez Guinda Andres"]
[Black "Laborda Aranda Oscar"]
[Result "1-0"]
[WhiteElo "1923"]
[BlackElo "1692"]

1.e4 c6 2.d4 d5 3.Nc3 dxe4 4.Nxe4 Bf5 5.Ng3 Bg6 6.Nf3 Nd7 7.h4 h6 8.Bd3 Bxd3
9.Qxd3 Ngf6 10.O-O e6 11.c4 Be7 12.Rd1 Qc7 13.Ne2 Rd8 14.Qb3 Qb6 15.Qc2 c5 16.
d5 exd5 17.cxd5 Bd6 18.Nc3 O-O 19.Re1 a6 20.b3 Qb4 21.Ne4 Be5 22.Bd2 Qb6 23.
Nxe5 Nxe5 24.Nxf6+ Qxf6 25.Bc3 Rxd5 26.Qe4 Qc6 27.Bxe5 Re8 28.Qf4 f6 29.Bc3
Rxe1+ 30.Rxe1 b5 31.Re7 b4 32.Qb8+ 1-0

[Event "Cto Equipos Aragon 2012 Preferente A"]
[Site "Aragon"]
[Date "2012.02.25"]
[Round "4.49"]
[White "Palacios Latasa Elias"]
[Black "Dominguez Bujeda Jesus"]
[Result "1/2-1/2"]
[WhiteElo "2211"]
[BlackElo "2127"]

1.e4 c5 2.Nc3 Nc6 3.Nf3 g6 4.Bb5 Bg7 5.Bxc6 dxc6 6.h3 e5 7.d3 Qe7 8.Be3 Nf6 9.
Qd2 h6 10.Na4 Nd7 11.g4 b6 12.Qc3 Bb7 13.b3 f5 14.gxf5 gxf5 15.Rg1 fxe4 16.
dxe4 Rf8 17.Rg3 O-O-O 18.O-O-O c4 19.Nb2 cxb3 20.axb3 c5 21.Nc4 Nf6 22.Rxd8+
Rxd8 23.Rxg7 Qxg7 24.Qxe5 Ne8 25.Qxg7 Nxg7 26.Bxh6 Ne6 27.Ng5 Nxg5 28.Bxg5 Rg8
29.h4 Kd7 30.f3 Ke6 31.Kd2 b5 32.Na3 Bc6 33.Ke3 a5 34.f4 c4 35.Kd4 cxb3 36.
cxb3 Rc8 37.h5 Kf7 38.f5 Bd7 39.h6 Rg8 40.Bd2 Rg4 41.Bxa5 Bxf5 42.Nxb5 Rxe4+
43.Kd5 Kg6 44.Nd6 Rh4 45.Nxf5 Kxf5 1/2-1/2

[Event "Cto Equipos Aragon 2012 Preferente A"]
[Site "Aragon"]
[Date "2012.02.25"]
[Round "4.50"]
[White "Arpa Pardo Emilio"]
[Black "Gracia Campo Carlos Alberto"]
[Result "0-1"]
[WhiteElo "2047"]
[BlackElo "2042"]

1.c4 Nf6 2.Nc3 g6 3.e4 d6 4.d4 Bg7 5.Nf3 c5 6.Be2 O-O 7.dxc5 Qa5 8.O-O dxc5 9.
Nd2 Rd8 10.Nb3 Rxd1 11.Nxa5 Rxf1+ 12.Kxf1 b6 13.Nb3 Nc6 14.Bg5 Bb7 15.Rd1 h6
16.Bh4 Rd8 17.Rxd8+ Nxd8 18.Nd5 g5 19.Bg3 Nxe4 20.Nxe7+ Kf8 21.Nf5 Nxg3+ 22.
fxg3 Bxb2 23.Nxh6 Be4 24.Nd2 Bh7 25.Bg4 Nc6 26.Bf5 Bxf5 27.Nxf5 Ne5 28.Nd6 f6
29.Nc8 Nc6 30.Ke2 Kf7 31.Kd3 Ke6 32.h4 Kd7 33.Nxa7 Nxa7 34.Ke4 Ke6 35.h5 f5+
36.Kd3 Nc6 37.Nf1 Nb4+ 38.Kd2 Nxa2 39.Kc2 Bg7 40.Ne3 Nb4+ 41.Kb3 Ke5 42.Ka4
Ke4 43.Nf1 Kd3 44.Kb5 Ke2 45.Nh2 g4 46.Kxb6 Nd3 47.Kc6 Kf2 48.Kd5 Kxg2 49.Nf1
Kxf1 50.Ke6 Kg2 51.Kxf5 Kxg3 52.Kg6 Bd4 0-1

[Event "Cto Equipos Aragon 2012 Preferente A"]
[Site "Aragon"]
[Date "2012.02.25"]
[Round "4.51"]
[White "Bayod Rubia Angel"]
[Black "Gil Pineiro David"]
[Result "1/2-1/2"]
[WhiteElo "2036"]
[BlackElo "1918"]

1.e4 c5 2.Nf3 g6 3.d4 cxd4 4.Nxd4 Nc6 5.c3 Bg7 6.Be3 Nf6 7.Nxc6 bxc6 8.f3 O-O
9.Bd3 d5 10.Nd2 dxe4 11.Nxe4 Nd5 12.Qe2 Nxe3 13.Qxe3 Rb8 14.Rb1 Be6 15.b3 Qa5
16.b4 Qa3 17.O-O Rfd8 18.Rbc1 a5 19.bxa5 Qxa5 20.Bb1 Bxa2 21.Bxa2 Qxa2 22.Nf2
e6 23.Rfd1 Qc4 24.Rxd8+ Rxd8 25.Rd1 Rxd1+ 26.Nxd1 Qd5 27.Qe1 Qd3 28.Kf2 Bf8
29.Qe2 Bc5+ 30.Ke1 Qf5 31.h3 Qf4 32.Qf1 Kf8 33.Qe2 Ke7 34.Qf1 Qg3+ 35.Kd2 Qf4+
36.Kc2 Qa4+ 37.Kd2 Qa2+ 38.Ke1 Bd6 39.Qe2 Bg3+ 40.Kf1 Qb1 41.Qd2 Qb5+ 42.Qe2
Qc5 43.Qe3 Qc4+ 44.Qe2 Qf4 45.Qe3 Qc4+ 46.Qe2 Qb3 47.Qd2 Qd5 48.Qe2 Qe5 49.Qd2
Bf4 50.Qd3 Qc5 51.Qe2 Bh2 52.Ke1 Be5 53.Kd2 Qd5+ 54.Ke1 Bf4 55.Kf1 h5 56.Qc2
Qd2 57.Qxd2 Bxd2 58.Ke2 Bf4 59.Kd3 Kd6 60.Kc4 g5 61.Nf2 f5 62.Nd3 Be3 63.Nb4
g4 64.hxg4 hxg4 65.fxg4 fxg4 66.Kd3 Bg5 67.Ke4 Bd2 68.Kd3 Be1 69.Nc2 Bf2 70.
Ke4 1/2-1/2

[Event "Cto Equipos Aragon 2012 Preferente B"]
[Site "Aragon"]
[Date "2012.02.25"]
[Round "4.53"]
[White "Salamero Pelay Fernando"]
[Black "Landa Garriga Francisco Javier"]
[Result "1-0"]
[WhiteElo "2123"]
[BlackElo "1986"]

1.d4 Nf6 2.Nc3 d5 3.Bg5 Nc6 4.e3 e6 5.a3 h6 6.Bh4 Be7 7.f4 Bd7 8.Bd3 Nh7 9.
Bxe7 Qxe7 10.Nf3 O-O-O 11.Bxh7 Rxh7 12.Qd3 f5 13.h4 g5 14.hxg5 hxg5 15.Rxh7
Qxh7 16.fxg5 Qh1+ 17.Qf1 Qxf1+ 18.Kxf1 Rg8 19.Kf2 Nd8 20.Rh1 b6 21.Rh7 Be8 22.
Kg3 Nf7 23.Kf4 a6 24.Ne2 Kd8 25.Ng3 Nd6 26.Ne5 a5 27.b3 a4 28.bxa4 Ne4 29.Nxe4
fxe4 30.Ng4 Bxa4 31.Nf6 Rg6 32.Rh6 Rg7 33.g6 Ke7 34.Ke5 Bxc2 35.Rh7 1-0

[Event "Cto Equipos Aragon 2012 Preferente B"]
[Site "Aragon"]
[Date "2012.02.25"]
[Round "4.54"]
[White "Ferrer Echavarri Fco Javier"]
[Black "Gella Lopez Angel"]
[Result "1/2-1/2"]
[WhiteElo "1948"]
[BlackElo "2080"]

1.d4 d5 2.c4 e6 3.Nc3 Nf6 4.cxd5 exd5 5.Bg5 Be7 6.e3 c6 7.Nf3 Ne4 8.Bxe7 Qxe7
9.Bd3 Nd7 10.O-O O-O 11.Qc2 f5 12.Nd2 Ndf6 13.Rae1 Nxd2 14.Qxd2 Ne4 15.Qc2 Bd7
16.a3 Rae8 17.Na4 b5 18.Nc5 a5 19.Bxe4 fxe4 20.Nxd7 Qxd7 21.Rc1 Rf6 22.Qd2 a4
23.Rc5 Rg6 24.f4 exf3 25.Rxf3 Qe7 26.Qd3 Re6 27.Rc3 b4 28.axb4 Qxb4 29.Qc2 Rb8
30.Rf2 Rbe8 31.Rf3 Rb8 1/2-1/2

[Event "Cto Equipos Aragon 2012 Preferente B"]
[Site "Aragon"]
[Date "2012.02.25"]
[Round "4.55"]
[White "Bellosta Lopez Pablo"]
[Black "Gayan Carceller Miguel Angel"]
[Result "1-0"]
[WhiteElo "2042"]
[BlackElo "1909"]

1.e4 e6 2.d3 c5 3.Nf3 Nc6 4.g3 Nf6 5.Bg2 Be7 6.O-O O-O 7.e5 Ng4 8.Qe2 d6 9.
exd6 Bxd6 10.Nc3 a6 11.Ne4 Be7 12.Bg5 h6 13.Bd2 Nf6 14.Bc3 Nd4 15.Bxd4 cxd4
16.Ned2 Qb6 17.Nb3 Bc5 18.Qe5 Nd7 19.Qe4 Nf6 20.Qe5 Nd7 21.Qf4 g5 22.Qd2 e5
23.Rae1 f6 24.h4 Rf7 25.Nh2 Nf8 26.Qe2 Be7 27.Qh5 Kg7 28.f4 exf4 29.gxf4 Ng6
30.Bd5 Rf8 31.fxg5 fxg5 32.Rxe7+ {Tiempo} (32.Rxe7+ Nxe7 33.Rf7+ Rxf7 34.Qxf7+
Kh8 35.Qf8+ Kh7 36.Qxe7+ Kh8 37.Qf8+ Kh7 38.Qg8#) 1-0

[Event "Cto Equipos Aragon 2012 Preferente B"]
[Site "Aragon"]
[Date "2012.02.25"]
[Round "4.56"]
[White "Navarro Sancho Rafael"]
[Black "Gomez Zazurca Rodolfo"]
[Result "1-0"]
[WhiteElo "1802"]
[BlackElo "1801"]

1.e4 c5 2.Nf3 d6 3.d4 Nf6 4.Nc3 cxd4 5.Nxd4 a6 6.Bg5 e6 7.f4 Nbd7 8.Qf3 Qc7 9.
O-O-O b5 10.Bxf6 gxf6 11.Bd3 Nc5 12.Rhe1 Nxd3+ 13.Rxd3 Bb7 14.Nd5 exd5 15.
exd5+ Kd8 16.Rde3 Qd7 17.Nc6+ Kc8 18.Rc3 Bxc6 19.Rxc6+ Kb8 20.Qe3 Ra7 21.Qe8+
Qxe8 22.Rxe8+ Kb7 23.Rcc8 Kb6 24.b4 Re7 25.Rxe7 Bxe7 26.Rxh8 a5 27.a3 axb4 28.
axb4 f5 29.Rxh7 Bf6 30.Rxf7 Bc3 31.Rxf5 Bxb4 32.Kb2 1-0

[Event "Cto Equipos Aragon 2012 Preferente B"]
[Site "Aragon"]
[Date "2012.02.25"]
[Round "4.57"]
[White "Garcia Andres Daniel"]
[Black "Cebrian Valverde Jose Antonio"]
[Result "0-1"]
[WhiteElo "2008"]
[BlackElo "2142"]

1.e4 e6 2.d4 d5 3.Nd2 Nc6 4.Ngf3 Nf6 5.e5 Nd7 6.c3 f6 7.exf6 Qxf6 8.Bb5 Bd6 9.
Nb3 O-O 10.Bg5 Qf7 11.Qd2 e5 12.dxe5 Ncxe5 13.Nxe5 Nxe5 14.O-O-O c6 15.Be2 b5
16.Nd4 Bd7 17.f4 Nc4 18.Bxc4 bxc4 19.f5 Rab8 20.g4 Rb7 21.Ne6 Bxe6 22.fxe6
Qxe6 23.Rde1 Qg6 24.h4 Rfb8 25.h5 Rxb2 26.Qxd5+ cxd5 27.hxg6 h6 28.Be7 Bf4+
29.Kd1 Rd2+ 0-1

[Event "Cto Equipos Aragon 2012 Preferente B"]
[Site "Aragon"]
[Date "2012.02.25"]
[Round "4.58"]
[White "Gimeno Oteo Marco Antonio"]
[Black "Calvo Mayayo Jose Maria"]
[Result "1/2-1/2"]
[WhiteElo "2110"]
[BlackElo "1931"]

1.e4 c5 2.Nf3 d6 3.d4 cxd4 4.Nxd4 Nf6 5.Nc3 a6 6.Bg5 e6 7.f4 Nbd7 8.Qf3 Qc7 9.
O-O-O b5 10.Bd3 Bb7 11.Rhe1 Qb6 12.Bxf6 gxf6 13.Nb3 Rc8 14.Qh5 Rxc3 15.bxc3
Qc7 16.Kb2 Nb6 17.Re3 Na4+ 18.Kc1 Nxc3 19.Rde1 e5 20.g3 a5 21.Kd2 a4 22.Nc1
Qa5 23.Bxb5+ Nxb5+ 24.c3 Na3 25.Rd3 Ba6 26.Qf5 Nb1+ 27.Ke3 Qc5+ 28.Kf3 Be7 29.
Rde3 Nd2+ 30.Kg2 Nf1 31.Rf3 Nd2 32.Rfe3 Nf1 33.Rf3 Nd2 34.Rfe3 1/2-1/2

[Event "Cto Equipos Aragon 2012 Preferente B"]
[Site "Aragon"]
[Date "2012.02.25"]
[Round "4.59"]
[White "Lafarga Bueno Daniel"]
[Black "Palomar Ramon Santiago"]
[Result "1/2-1/2"]
[WhiteElo "1851"]
[BlackElo "2029"]

1.c4 Nf6 2.g3 e6 3.Bg2 d5 4.d4 dxc4 5.Qa4+ Bd7 6.Qxc4 Bc6 7.Nf3 Be7 8.O-O O-O
9.Nc3 Nbd7 10.Qd3 Nd5 11.e4 Nxc3 12.bxc3 Nc5 13.Qe3 Nxe4 14.Ne5 Nf6 15.Nxc6
bxc6 16.Bxc6 Nd5 17.Qd3 Rb8 18.Bd2 Qd6 19.Ba4 c5 20.Bc2 g6 21.dxc5 Qxc5 22.
Rab1 Bf6 23.c4 Nb4 24.Rxb4 Rxb4 25.Bxb4 Qxb4 26.Qb3 Rb8 27.Rb1 Qxb3 28.axb3
Bd4 29.Kg2 a5 30.f4 f6 31.Kf3 Kf7 32.Ke4 Bc3 33.Rd1 Ke7 34.Rd3 Bb2 35.Ke3 e5
36.fxe5 fxe5 37.Rd5 Bd4+ 38.Ke4 a4 39.bxa4 Rf8 40.a5 Rf2 41.Bd3 Rxh2 42.a6 Ra2
43.c5 Ra1 44.Bb5 Ra3 45.Bd3 Rc3 46.g4 Rxc5 47.a7 Rc8 48.Ra5 Ra8 49.Bc4 Kf6 50.
Ra6+ Kg5 51.Be6 Rxa7 52.Rxa7 Bxa7 53.Kxe5 Bb8+ 54.Ke4 Kh4 55.Kf3 Kh3 1/2-1/2

[Event "Cto Equipos Aragon 2012 Preferente B"]
[Site "Aragon"]
[Date "2012.02.25"]
[Round "4.60"]
[White "Rubio Tello Abel"]
[Black "Campo Berdala Carlos"]
[Result "1/2-1/2"]
[WhiteElo "1853"]
[BlackElo "1828"]

1.d4 Nf6 2.Nf3 e6 3.Bg5 Be7 4.e3 O-O 5.Bd3 d5 6.Ne5 Nbd7 7.f4 Ne4 8.Bxe7 Qxe7
9.O-O f5 10.Nd2 Nxe5 11.fxe5 Qg5 12.Rf4 Nxd2 13.Qxd2 Bd7 14.Raf1 a6 15.Qb4 b6
16.a3 Rf7 17.R1f3 Qe7 18.Qxe7 Rxe7 19.h4 Bb5 20.Bxb5 axb5 21.g4 g6 22.gxf5
gxf5 23.Rg3+ Rg7 24.Rf3 Rxg3+ 25.Rxg3+ Kf7 26.Kf2 c5 27.c3 b4 28.cxb4 cxb4 29.
axb4 Ra2 30.Kf3 Rxb2 31.Rg1 Rxb4 32.Ra1 Rc4 33.Ra7+ Kg6 34.Rb7 Rc6 35.Kf4 h6
36.Re7 Kh5 37.Rh7 Rc8 38.Rb7 Rg8 39.Rxb6 Rg6 40.Rc6 Kxh4 41.Kf3 Kg5 42.Kg3 h5
43.Rb6 h4+ 44.Kh3 f4 45.exf4+ Kxf4 46.Rb4 Rg3+ 47.Kxh4 Rd3 48.Kh5 Kf5 49.Kh6
Ke4 50.Rb6 Kxd4 51.Rxe6 Re3 52.Ra6 Kxe5 53.Kg5 Ke4 54.Kg4 d4 55.Re6+ Kd5 56.
Rxe3 dxe3 57.Kf3 Kd4 58.Ke2 Ke4 59.Ke1 Kf3 60.Kf1 Kf4 61.Ke2 Ke4 62.Ke1
1/2-1/2

[Event "Cto Equipos Aragon 2012 Preferente B"]
[Site "Aragon"]
[Date "2012.02.25"]
[Round "4.61"]
[White "Correas Marcen Jose Maria"]
[Black "Inglan Bielsa Fernando"]
[Result "1/2-1/2"]
[WhiteElo "1994"]
[BlackElo "2094"]

1.Nf3 Nf6 2.g3 g6 3.Bg2 Bg7 4.O-O O-O 5.c4 c6 6.Nc3 d5 7.cxd5 cxd5 8.d4 b6 9.
Qb3 Nc6 10.Rd1 Bb7 11.Ne5 Na5 12.Qb5 Rc8 13.Bg5 a6 14.Qb4 Nc4 15.e4 h6 16.Bxf6
exf6 17.Nxc4 Rxc4 18.Qb3 b5 19.Nxd5 f5 20.Ne3 Rxd4 21.exf5 Bxg2 22.Kxg2 Kh7
23.Rab1 Qf6 24.Qc2 Rfd8 25.b3 a5 26.Rxd4 Rxd4 27.Rd1 Rxd1 28.fxg6+ fxg6 29.
Nxd1 h5 30.Ne3 h4 31.Qe4 h3+ 32.Kxh3 Qxf2 33.a4 Qe2 34.Qf4 Qd3 35.axb5 Qxb5
36.Qh4+ Kg8 37.Qc4+ Qxc4 38.Nxc4 Bc3 39.Kg4 Kf7 40.h3 Kf6 41.Kf4 g5+ 42.Ke4
Ke6 43.g4 Be1 44.Ne3 Bf2 45.Kf3 Be1 46.Ng2 Bc3 47.Ke4 Bf6 48.Kd3 Kd5 49.Ne3+
Kc5 50.Nc2 Kd5 51.Ne3+ Kc5 52.Nf5 Kb4 53.Kc2 1/2-1/2

[Event "Cto Equipos Aragon 2012 Preferente B"]
[Site "Aragon"]
[Date "2012.02.25"]
[Round "4.62"]
[White "Rodriguez Leiva Manuel"]
[Black "Hernandez Delgado Gabriel"]
[Result "1/2-1/2"]
[WhiteElo "2046"]
[BlackElo "1986"]

1.e4 g6 2.d4 Bg7 3.Nf3 c5 4.c3 cxd4 5.cxd4 d5 6.e5 Nh6 7.Nc3 O-O 8.Qb3 Nc6 9.
Bg5 Nf5 10.Rd1 h6 11.Bc1 e6 12.h4 f6 13.g4 Nfe7 14.exf6 Rxf6 15.Be2 Qf8 16.Rh3
Rf7 17.Be3 b6 18.Nb5 Ba6 19.Nc7 Bxe2 20.Kxe2 Rc8 21.Nxe6 Qe8 22.Nxg7 Kxg7 23.
Ne5 Nxe5 24.dxe5 Qd7 25.Rg3 Kh7 26.h5 Qe6 27.f4 gxh5 28.Qd3+ Qg6 29.gxh5 Rc2+
30.Rd2 Qxd3+ 31.Kxd3 Rxd2+ 32.Bxd2 Rf5 33.Rh3 Kg7 34.b4 Kf7 35.b5 Ke6 36.Ke2
Rf7 37.Kf3 Nf5 38.Kf2 d4 39.Rh1 Kd5 40.Rc1 Ke4 41.Rc6 Rg7 42.Rf6 Rc7 43.e6 Rc2
44.Ke1 Nd6 45.e7 Ne8 46.Rf8 d3 47.Rxe8 Rc7 48.Bb4 Ke3 49.Bd2+ Kf3 50.f5
1/2-1/2

[Event "Cto Equipos Aragon 2012 Preferente B"]
[Site "Aragon"]
[Date "2012.02.25"]
[Round "4.63"]
[White "De La Riva Fernandez Eduardo"]
[Black "Buil Rello Jose Antonio"]
[Result "1/2-1/2"]
[WhiteElo "1985"]
[BlackElo "1966"]

1.e4 c5 2.Nf3 e6 3.d4 Qc7 4.c4 a6 5.Nc3 b6 6.d5 e5 7.Bd3 d6 8.Ne2 g6 9.Ng3 Bg7
10.Be3 Bg4 11.Qd2 Bxf3 12.gxf3 Qe7 13.f4 exf4 14.Bxf4 Nd7 15.Rb1 Ngf6 16.h4
Ng4 17.h5 Nge5 18.Be2 Bf6 19.Bh6 Nf8 20.f4 Ned7 21.a3 Rg8 22.Rf1 Bh4 23.Rf3
Bxg3+ 24.Rxg3 Qh4 25.Kf2 Qe7 26.Re1 O-O-O 27.Bd3 Re8 28.b4 Qh4 29.Bg5 Qh2+ 30.
Rg2 Qh3 31.Re3 Qh1 32.Rg1 Qh2+ 33.Rg2 Qh1 34.Rg1 Qh2+ 35.Rg2 1/2-1/2

[Event "Cto Equipos Aragon 2012 Preferente B"]
[Site "Aragon"]
[Date "2012.02.25"]
[Round "4.64"]
[White "Salas Latorre Jose"]
[Black "Gimeno Garcia David"]
[Result "1-0"]
[WhiteElo "1783"]
[BlackElo "1948"]

1.d4 Nf6 2.Bg5 d6 3.Bxf6 gxf6 4.e3 e5 5.c4 Bg7 6.Nc3 Bf5 7.Bd3 Bg6 8.Nf3 O-O
9.O-O Nd7 10.Nh4 Nb6 11.Nf5 Nxc4 12.Qc2 Nb6 13.d5 Nd7 14.Rac1 Nc5 15.b4 Nxd3
16.Qxd3 Qd7 17.e4 a6 18.Rc2 Rfe8 19.Rfc1 Bxf5 20.exf5 e4 21.Qh3 Re5 22.g4 Rae8
23.Nd1 Rc8 24.Ne3 Ree8 25.Rc4 c6 26.R1c3 Rc7 27.Qf1 Rec8 28.Rxe4 Bh6 29.Qh3
Kg7 30.Kg2 cxd5 31.Rxc7 Rxc7 32.Rd4 Bxe3 33.Qxe3 Rc2 34.a3 Qc6 35.Rd3 d4+ 36.
Qf3 Qxf3+ 37.Kxf3 Rc3 38.Ke4 Rxd3 39.Kxd3 Kh6 40.f4 Kg7 41.Kxd4 Kf8 42.h4 h6
43.Kd5 Ke7 44.g5 fxg5 45.fxg5 h5 46.a4 b6 47.Kc6 a5 48.b5 d5 49.Kxd5 Kd7 50.f6
Ke8 51.Kc6 Kd8 52.Kxb6 Kd7 53.Ka7 Ke6 54.b6 Kf5 55.b7 Kg4 56.b8=Q Kxh4 57.Qf4+
1-0

[Event "Cto Equipos Aragon 2012 Preferente B"]
[Site "Aragon"]
[Date "2012.02.25"]
[Round "4.66"]
[White "Carruez Berges Santiago"]
[Black "Jario Garcia Ricardo"]
[Result "1/2-1/2"]
[WhiteElo "2117"]
[BlackElo "2128"]

1.e4 e6 2.d3 c5 3.Nf3 Nc6 4.g3 g6 5.Bg2 Bg7 6.O-O Nge7 7.c3 O-O 8.Be3 d6 9.Qd2
b5 10.d4 cxd4 11.cxd4 Qa5 12.Nc3 b4 13.Ne2 Ba6 14.Rfd1 Rac8 15.Nf4 d5 16.exd5
exd5 17.Nd3 Nf5 18.Nde5 Rfe8 19.Bf4 Nfxd4 1/2-1/2

[Event "Cto Equipos Aragon 2012 Preferente B"]
[Site "Aragon"]
[Date "2012.02.25"]
[Round "4.67"]
[White "Sancho Cortes Miguel Angel"]
[Black "Martinez Asensio Juan Miguel"]
[Result "0-1"]
[WhiteElo "2094"]
[BlackElo "2116"]

1.e4 c5 2.Nf3 g6 3.d4 cxd4 4.c3 dxc3 5.Nxc3 Bg7 6.Bc4 Nc6 7.O-O Nf6 8.Qe2 O-O
9.Rd1 b6 10.Bg5 Na5 11.Bb5 a6 12.Ba4 b5 13.Bc2 Bb7 14.e5 Bxf3 15.Qxf3 Ne8 16.
Bxe7 Qxe7 17.Qxa8 Nc6 18.Qxa6 Nb4 19.Qxb5 Nxc2 20.Rac1 Nb4 21.Rxd7 Qe6 22.f4
Nxa2 23.Nxa2 Qxa2 24.Rc8 Bh6 25.Rdd8 Qa7+ 26.Kf1 Nc7 27.Qb8 Qa6+ 28.Kf2 Ne6
29.Rxf8+ Bxf8 30.b4 Qd3 31.Qd6 Qe4 32.g3 Kg7 33.Rxf8 Nxf8 34.b5 Ne6 35.b6 h6
36.h3 Nd4 37.Qf6+ Kg8 38.Qd8+ Kh7 39.Qf6 Qe2+ 0-1

[Event "Cto Equipos Aragon 2012 Preferente B"]
[Site "Aragon"]
[Date "2012.02.25"]
[Round "4.69"]
[White "Pellicer Cemeli Jose Luis"]
[Black "Argueso Pascual Jorge"]
[Result "1/2-1/2"]
[WhiteElo "2068"]
[BlackElo "1998"]

1.d4 d5 2.c4 e6 3.Nc3 Nf6 4.cxd5 exd5 5.Bg5 Be7 6.e3 O-O 7.Bd3 Re8 8.Nge2 Nbd7
9.O-O Nf8 10.Qc2 Be6 11.f3 c6 12.Rad1 Nh5 13.Bxe7 Qxe7 14.e4 dxe4 15.fxe4 Nf6
16.e5 Nd5 17.Qd2 Bg4 18.Ne4 Bh5 19.Rf2 Ne6 20.Rdf1 Rad8 21.Nd6 Rxd6 22.exd6
Qxd6 23.Ng3 Bg6 24.Bxg6 fxg6 25.Qe2 Nf6 26.Rd1 Qd5 27.Qf3 Qxa2 28.Ne4 Rf8 29.
Nc5 Nxc5 30.dxc5 Qc4 31.Qe3 Re8 32.Qc1 Qxc1 33.Rxc1 Re5 34.b4 Kf7 35.Rd1 Ke7
36.Ra1 a6 37.Raf1 Re4 38.Rb2 Nd5 39.Rfb1 Ke6 40.Kf2 Rf4+ 41.Kg1 Re4 42.Kf2
Rf4+ 43.Kg1 Ke5 44.g3 Re4 45.Kf2 Kd4 46.Re1 Rxe1 47.Kxe1 Kc3 48.Rf2 Kxb4 49.
Rf7 Kxc5 50.Rxb7 a5 51.Kd2 Kc4 52.Ra7 Kb4 53.Rb7+ Kc4 54.Ra7 1/2-1/2

[Event "Cto Equipos Aragon 2012 Preferente B"]
[Site "Aragon"]
[Date "2012.02.25"]
[Round "4.70"]
[White "Soto Fidalgo Guillermo"]
[Black "Landa Galindo Victor"]
[Result "1-0"]
[WhiteElo "1907"]
[BlackElo "1945"]

1.d4 Nf6 2.Bg5 g6 3.Bxf6 exf6 4.e3 f5 5.Ne2 Bg7 6.g3 d5 7.Bg2 c6 8.Nd2 Nd7 9.
O-O Nb6 10.b3 Be6 11.Rc1 O-O 12.c4 a5 13.a4 Rc8 14.Nf4 Re8 15.Qc2 Bf8 16.Nd3
Nd7 17.Rb1 Nf6 18.c5 Ne4 19.b4 axb4 20.Rxb4 Nxd2 21.Qxd2 Qa5 22.Qb2 Rc7 23.
Rxb7 Rxb7 24.Qxb7 Qxa4 25.Ne5 Rc8 26.Nxf7 Qa8 27.Qxa8 Rxa8 28.Ne5 Rc8 29.Rb1
Kg7 30.Nd3 Rc7 31.Rb8 Kf7 32.Nb4 Bd7 33.Rb6 Ke7 34.Bf1 g5 35.Ba6 f4 36.Bb7
fxe3 37.fxe3 Bh3 38.Nxc6+ Ke8 39.Ba6 Rf7 40.Rb8+ 1-0

[Event "Cto Equipos Aragon 2012 Preferente B"]
[Site "Aragon"]
[Date "2012.02.25"]
[Round "4.71"]
[White "Puertolas Serena Arturo"]
[Black "Argueso Palomino Manuel"]
[Result "1-0"]
[WhiteElo "1941"]
[BlackElo "1800"]

1.e4 c5 2.Nf3 d6 3.Bb5+ Bd7 4.Bxd7+ Qxd7 5.O-O g6 6.c3 Nf6 7.Qe2 Nc6 8.d4 Bg7
9.dxc5 dxc5 10.Bg5 Qg4 11.Nbd2 b6 12.Qb5 Qe6 13.Rad1 O-O 14.Rfe1 Ng4 15.Qc4
Qxc4 16.Nxc4 f6 17.Bc1 Rad8 18.h3 Nh6 19.e5 b5 20.exf6 exf6 21.Nd6 a6 22.Ne4
Rxd1 23.Rxd1 c4 24.Rd6 Rd8 25.Rxd8+ Nxd8 26.Nxf6+ Bxf6 27.Bxh6 Ne6 28.Be3 b4
29.Bd2 bxc3 30.Bxc3 Bxc3 31.bxc3 Nf4 32.Kf1 Nd5 33.Nd2 Nxc3 34.a3 Nb5 35.Nxc4
Kf7 36.Ke2 Ke6 37.Kd3 g5 38.a4 Na7 39.Kd4 Nc6+ 40.Kc5 Kd7 41.Kb6 Nb4 42.Ka5
Nd3 43.Kxa6 Kc7 44.f3 Nf4 45.Ne3 h5 46.Kb5 Kb7 47.a5 Ne6 48.Nf5 Nc7+ 49.Kc5
Ka6 50.Kd6 Nb5+ 51.Ke5 Kxa5 52.Ng7 g4 53.Nxh5 gxh3 54.gxh3 Kb6 55.Ng7 Kc6 56.
h4 Kd7 57.Kf6 Nc7 58.h5 Nd5+ 59.Kf7 1-0

[Event "Cto Equipos Aragon 2012 Preferente B"]
[Site "Aragon"]
[Date "2012.02.25"]
[Round "4.72"]
[White "Martinez Martinez Pedro Jose"]
[Black "Pellicer Cerezuela Miguel"]
[Result "0-1"]
[WhiteElo "1797"]
[BlackElo "1657"]

1.d4 f5 2.c4 Nf6 3.Nc3 g6 4.g3 Bg7 5.Bg2 O-O 6.Qb3 c6 7.Nf3 d6 8.O-O Qc7 9.Bf4
h6 10.c5+ Kh7 11.cxd6 exd6 12.Rac1 Qe7 13.Qa3 Rd8 14.d5 c5 15.Nb5 b6 16.Nxd6
Rxd6 17.Bxd6 Qxd6 18.Rfd1 Bb7 19.Nd4 Bxd5 20.Nb5 Qc6 21.Rxd5 Nxd5 22.Qb3 Qf6
23.Bxd5 Nc6 24.Rc2 Rd8 25.Bxc6 Qxc6 26.f3 a6 27.Nc3 c4 28.Qa3 Qe6 29.Qxa6 Qe3+
30.Kg2 Bd4 31.Qb7+ Kh8 32.Qc7 Qf2+ 33.Kh3 Qf1+ 0-1

[Event "Cto Equipos Aragon 2012 Div. Honor A "]
[Site "Aragon"]
[Date "2012.03.03"]
[Round "5.1"]
[White "Cifuentes Roberto"]
[Black "Valiente Roy Jose Javier"]
[Result "1-0"]
[WhiteElo "2523"]
[BlackElo "2005"]

1.d4 d5 2.c4 c6 3.Nf3 Nf6 4.e3 a6 5.Bd3 Bg4 6.Nbd2 e6 7.Qc2 Nbd7 8.b3 Bxf3 9.
Nxf3 Qa5+ 10.Bd2 Bb4 11.O-O Bxd2 12.Nxd2 O-O 13.b4 Qd8 14.f4 g6 15.c5 Ng4 16.
Rfe1 f5 17.a4 Qe7 18.h3 Ngf6 19.b5 axb5 20.axb5 Ne4 21.Nb3 Qh4 22.b6 Rxa1 23.
Rxa1 Ndf6 24.Qe2 g5 25.fxg5 Qxg5 26.Ra7 Rf7 27.Na5 Qg7 28.Qf3 Nd2 29.Qf4 Nfe4
30.Bxe4 fxe4 31.Ra8+ 1-0

[Event "Cto Equipos Aragon 2012 Div. Honor A "]
[Site "Aragon"]
[Date "2012.03.03"]
[Round "5.2"]
[White "Munoz Suarez Luis Alberto"]
[Black "Accattato Martin Mario"]
[Result "0-1"]
[WhiteElo "1994"]
[BlackElo "2190"]

1.e4 c5 2.Nf3 Nc6 3.d4 cxd4 4.Nxd4 e5 5.Nb5 a6 6.Nd6+ Bxd6 7.Qxd6 Qf6 8.Qd2
Qg6 9.Nc3 Nge7 10.b3 d5 11.Ba3 d4 12.Ne2 Qxe4 13.O-O-O O-O 14.f4 Rd8 15.fxe5
Qxe5 16.Nf4 Ng6 17.g3 Bf5 18.Bd3 Bxd3 19.Nxd3 Qc7 20.Kb1 a5 21.Bb2 a4 22.g4
axb3 23.axb3 Qb6 24.Qf2 Qa5 25.h4 Qa2+ 26.Kc1 Rac8 27.h5 Nge5 28.Qf5 Na5 29.
Rdf1 Nxd3+ 0-1

[Event "Cto Equipos Aragon 2012 Div. Honor A "]
[Site "Aragon"]
[Date "2012.03.03"]
[Round "5.3"]
[White "Gonzalez Gambau Jorge"]
[Black "Serrano San Nicolas Angel"]
[Result "1-0"]
[WhiteElo "2097"]
[BlackElo "1959"]

1.e4 d5 2.exd5 Qxd5 3.Nc3 Qa5 4.d4 Nf6 5.Bd2 c6 6.Ne4 Qc7 7.Nxf6+ gxf6 8.Bd3
e5 9.Qe2 Be6 10.Nf3 Nd7 11.Bc3 Bd6 12.dxe5 Bxe5 13.Nxe5 Nxe5 14.O-O-O O-O-O
15.Bxe5 fxe5 16.Rhe1 e4 17.Qxe4 Qxh2 18.Rh1 Qc7 19.Rxh7 Rxh7 20.Qxh7 Qa5 21.a3
Qg5+ 22.Kb1 Qxg2 23.Qh4 Qd5 24.b3 Qe5 25.f4 Qc3 26.Qe1 Rxd3 27.cxd3 Qxb3+ 28.
Kc1 Qxa3+ 29.Kd2 Qb4+ 30.Ke3 Qxe1+ 31.Rxe1 a5 32.Kd4 b6 33.Re5 Kd7 34.f5 Bd5
35.f6 Be6 36.Kc3 Kd6 37.d4 b5 38.Kb2 Bd5 39.Re7 Be6 40.Ra7 Kd5 41.Kc3 b4+ 42.
Kd3 Bf5+ 43.Ke3 a4 44.Ra5+ Kc4 45.Rxf5 b3 46.Rc5+ Kb4 47.Kd3 a3 48.Rc4+ Kb5
49.Kc3 b2 50.Rc5+ Kb6 51.Kc2 1-0

[Event "Cto Equipos Aragon 2012 Div. Honor A "]
[Site "Aragon"]
[Date "2012.03.03"]
[Round "5.4"]
[White "Navarro Castan Jesus"]
[Black "Mancho Fondevila Jorge"]
[Result "1-0"]
[WhiteElo "1875"]
[BlackElo "1852"]

1.e4 d6 2.d4 Nf6 3.Nc3 e5 4.dxe5 dxe5 5.Qxd8+ Kxd8 6.Bg5 Be6 7.O-O-O+ Bd6 8.f4
Ke8 9.Nf3 Bg4 10.Bb5+ Nfd7 11.fxe5 Bxf3 12.exd6 Bxd1 13.dxc7 Bg4 14.c8=Q# 1-0